000 00293nam a22001217a 4500
008 180215b xxu||||| |||| 00| 0 eng d
041 _aeng
080 _a7
100 _a41
101 _aart
245 _aimperial china the artof the horee in chine history
_cbill.c
942 _2udc
_cBK
999 _c42694
_d42694